000 00797nas a2200277 4500
001 BR0801696
003 BR-BrBNA
005 20231205111737.0
007 ta
008 230509b bl.|||p| |||| 00| 00por d
040 _aBR-BrBNA
_bpor
_cBiblioteca Nacional de Agricultura
041 _a(Pt)
072 _aL73; L70
100 1 _aBorges, K.D.A.
100 1 _aViana, F.A.B.
100 1 _aVieira, M.R.U.
100 1 _aBatista, L.M.
245 1 _aUso do enrofloxacino oral no tratamento da otite externa em cães
650 _aCÃO
650 _aMEDICAMENTO
650 _aVETERINÁRIA
650 _aOTITE
773 0 _tA Hora Veterinária (Brazil)
_xISSN 0101-9163
_g(Jul -Aug 2005), v. 25(146) p. 22-24
_wBR0801696
909 _a202311
_bLúcia
_c55
_dLúcia Elande
942 _2AGRIS
_n0
_cANA
999 _c194272
_d194272